000 00571nam a2200193Ia 4500
005 20250508162059.0
008 008 250505s9999 xx 000 0 eng d
037 _aTextual
040 _aFEDL
_beng
_cFEDL
041 _aeng
_2eng
084 _a330, SHU
_qFEDL
100 _aShukla Angiras
245 0 _aDynamic models and possibility of their application to planned economic development
260 _aNew Delhi, India
_bAbhinav Publications
_c1972
300 _a209p.
650 _aEconomics
942 _cTEXL
_h330, SHU
999 _c1374265
_d1374265